Daty historyczne polski #2 - Statystyki

Ogólne statystyki
  • Ten quiz został rozwiązany 112 razy
  • Średni wynik to 14 z 15
Statystyki odpowiedzi
Hint Odpowiedź % Poprawnych
Odzyskanie niepodległości przez Polskę 1918
100%
II wojna światowa 1939
100%
Koniec II wojny światowej 1945
99%
Wstąpienie polski do UE 2004
99%
Upadek komunizmu i PRL 1989
98%
Wstąpienie polski do NATO 1999
98%
Katastrofa smoleńska śmierć prezydenta RP Lecha Kaczyńskiego 2010
98%
Zbrodnia wołyńska 1943
97%
Zbrodnia katyńska 1940
96%
Wprowadzenie stanu wojennego do polskiPrzez Wojciecha Jaruzelskieg 1981
96%
Bitwa warszawska 1920
93%
Karol Wojtyła papieżem 1978
91%
Utworzenie NZSS solidarność 1980
91%
Śmierć Józefa Piłsudskiego 1935
90%
Utworzenie PRL 1952
84%
Nie znaleziono quizów pasujących do podanych kryteriów
Rozkład punktacji
Procent ludzi z każdym wynikiem
Percentyl według liczby udzielonych odpowiedzi
Twoja historia wyników
Nie rozwiązałeś tego quizu